| 000 | 00690nam a2200217 4500 | ||
|---|---|---|---|
| 008 | s2001 fr fre u | ||
| 020 | _a2842917383 | ||
| 020 | _a9782842917388 | ||
| 040 | _aLB-BrCRDP | ||
| 082 | 1 |
_a1re.ES _bSES |
|
| 100 | 1 | _aMontoussé, Marc | |
| 245 | 1 | 0 |
_aSciences économiques et sociales - Première ES _cMarc Montoussé |
| 260 |
_aParis _bBréal _c2001 |
||
| 300 |
_a351 p. _bcouv. couleur, ill. coul. _c28 cm |
||
| 500 | _aSommaire, épreuves au bac, fiches méthode, lexique , index. | ||
| 650 | 4 | _aSciences sociales | |
| 650 | 4 | _aSciences économqiues | |
| 650 | 4 | _aClasse de 1re | |
| 942 | _cBK | ||
| 999 |
_c1731 _d1731 |
||